000
00265nam a2200121Ia 4500
100
_a
DEOPUJARI/U.P.
942
_c
BK
245
_a
MAHARASHTRA COMMUTATION OF PENSION RULES
260
_b
Nagpur Law House
_a
Nagpur
300
_a
56
546
_a
ENGLISH
999
_c
26401
_d
26401